|
|
|
|
| LEADER |
00000nab a2200000ua 4500 |
| 001 |
vtls010826111 |
| 003 |
SK-MaSNL |
| 005 |
20260304002430.0 |
| 008 |
230222s2008 xo |||||||||||||||||slo| |
| 035 |
|
|
|a (urnnbn)urn:nbn:sk:snk:ar-a068gc
|
| 035 |
|
|
|a urn:nbn:sk:snk-ab5s8r
|
| 035 |
|
|
|a (uuid)c08de417-2200-40cd-b732-5fa1d1776fb2
|
| 040 |
|
|
|a SNKBUCL
|b slo
|c SNKBUCL
|e AACR2
|
| 041 |
0 |
|
|a slo
|
| 044 |
|
|
|a xo
|c SK
|
| 100 |
1 |
|
|a Ilavská, Adriana
|4 aut
|9 390826
|
| 245 |
1 |
0 |
|a GLITAZÓNY - MINULOSŤ, SÚČASNOSŤ A BUDÚCNOSŤ
|c Adriana Ilavská, Tomáš Tesař
|
| 700 |
1 |
|
|a Tesař, Tomáš,
|d 1973-
|4 aut
|9 244284
|
| 773 |
0 |
|
|t Via practica : moderný časopis pre lekárov prvého kontaktu
|g Roč. 5, č. 9 (2008), s. 361-364
|
| 954 |
|
|
|a odborná, vedecká literatúra pôvodná (slovenská)
|2 lita
|
| 958 |
|
|
|a OND
|
| 958 |
|
|
|a EUIPO
|
| 958 |
|
|
|a article5
|
| 999 |
|
|
|c 2541925
|d 2543855
|